000 01200nam a2200301 a 4500
001 BRCA_4725
005 20190320204759.0
008 061010s1971----mx-a######---#000-0#spa-#
041 _aspa
044 _amx
050 4 _aF1219
_b.T46 1971
245 1 0 _aTenochtitlán
_b1519-1521
_ctranslated by Margarita Iturriaga.
260 _aMéxico
_bBanco Nacional de México
_c1971
300 _a145 p.
_bil., 7 láminas
_c27 cm.
500 _aCFG31a
501 _aCon: Imagen de Tenochtitlán por Eduardo Enrique Ríos ; estudio crítico y valoración estética del cuadro Tenochtitlan por Pedro Rojas ; la pintura de la conquista de Tenochtitlán como fuente de información histórica por Xavier Moyssén
546 _aTexto en: español e inglés
650 1 4 _aArte
_zMéxico
_911977
651 4 _aMéxico
_xHistoria
_yConquista 1519-1540
_9442
700 1 _aRíos, Eduardo Enrique
_911978
700 1 _aRojas, Pedro
_91937
700 1 _aMoyessén Echeverría, Xavier
_911979
700 1 _aIturriaga, Margarita
_eTraductora
_911980
710 2 _aBanco Nacional de México
_93603
740 0 _aTenochtitlán, mil quinientos diecinueve - mil quinientos veintiuno
902 _aGFM
942 _2lcc
_cB
999 _c4423
_d4423